1280 1868 1867 1222 1243 1190 1188 1548 1589 1484 1075 1482 1283 1711 1304 1450 1318 1757 1155 1262 1331 1021 1193 1870 1998 1048 1599 1188 1951 1092 1547 1839 1862 1050 1576 1416 1764 1425 1007 1740 1648 1077 1319 1129 1165 1524 1766 1577 1960 1645 1939 1441 1499 1660 1160 1511 1187 1056 1856 1776 1407 1732 1663 1800 1936 1157 1506 1576 1465 1511 1635 1434 1612 1328 1675 1488 1404 1254 1528 1690 1499 1337 1446 1009 1149 1537 1544 1606 1461 1623 1038 1218 1330 1510 1527 1322 1048 1031 1574 BCNSPRNW ULIB Ver.6.0+V

เปลี่ยนเป็นภาษาไทย

Change to English
 แสดงรายละเอียดบรรณานุกรม
  กลับหน้าหลัก

Brief Record : Get Marc (ISO 2709) : E-mail record : QR code < ปิดหน้าต่าง
LEADER : 00000nam 2200000uu 4500
001    13399111390
003     ULIB
008    110623s||||||||th 000 0 tha d
020    9749461649 (ล. 3)
050  4 BQ336^bต398ค ล.3 2551
100 0  นัท ฮันห์,^cติช
245 10 คือเมฆสีขาว ทางก้าวเก่าแก่ เล่ม3/^cติช นัท ฮันห์, เขียน ; รสนา โตสิตระกูล, สันติสุข โสภณสิริ, แปล
250    พิมพ์ครั้งที่ 3
260    กรุงเทพฯ :^bมูลนิธิโกมลคีมทอง,^c2551
300    3 เล่ม :^bภาพประกอบ ;^c21 ซม.
650  7 พระพุทธเจ้า
700 0  รสนา โตสิตระกูล,^eผู้แปล
700 0  สันติสุข โสภณสิริ,^eผู้แปล
945    ^p180^l0^i024881
995    ทศพร
999 ^a ใช้งานได้ทุกระบบ
รายการนี้ยังไม่มีแท็ก
คุณยังไม่ได้ล็อกอิน คุณสามารถมีกิจกรรมร่วมกับเว็บไซต์ได้ แต่ต้องล็อกอินก่อน ::
  ล็อกอิน

รายการสื่อสารสนเทศ

ลำดับที่ ประเภท เลขเรียก/บาร์โค้ด สถานที่ สถานะ
- ไม่พบข้อมูล -

รายการใกล้เคียง
    หัวเรื่อง [พระพุทธเจ้า]

BibComment


ยังไม่เคยถูกคอมเมนท์

คอมเมนท์ทรัพยากรรายการนี้
  คอมเมนท์: คือเมฆสีขาว ทางก้..


 Copyright 2026. Bcnsprnw @Library